000 00576nam a2200229Ia 4500
003 OSt
005 20220926012109.0
006 a|||||r|||| 00| 0
007 ta
008 220923b |||||||| |||| 00| 0 eng d
037 _cGeneral Book
040 _aRTL
_cRTL
_beng
041 _2eng
_aeng
082 _aY79365, K5
100 _aIrwin George
_9315486
245 0 _aSamoa
260 _aNew York
_bBarnes
_c1965
300 _axv, 181p
_ccm.
650 _aRed Indians
942 _hY79365, K5
_cGB
_2CC
999 _c621666
_d621666